Opera politica.

Bibliographic Details
Main Author: William, of Ockham, approximately 1285-approximately 1349
Format: Book
Language:Latin
Published: Mancunii : E Typis universitatis, 1940-
Subjects:

MARC

Tag First Indicator Second Indicator Subfields
LEADER 00000cam a2200000 4500
001 in00000063507
005 20151007083129.0
008 750805m19409999xx 00000 lat u
010 |a  41016508  
035 |a (OCoLC)01510162 
035 |9 AAF8902AM 
040 |c SUC  |d TXA  |d UtOrBLW 
049 |a TXAM  |c [272715]6 
050 0 |a JC121  |b .O3 
082 0 |a 320 
092 |a 320  |b 016 
100 0 |a William,  |c of Ockham,  |d approximately 1285-approximately 1349. 
245 1 0 |a Opera politica. 
264 1 |a Mancunii :  |b E Typis universitatis,  |c 1940- 
300 |a  volumes :  |b diagram ;  |c 23 cm. 
336 |a text  |b txt  |2 rdacontent 
337 |a unmediated  |b n  |2 rdamedia 
338 |a volume  |b nc  |2 rdacarrier 
650 0 |a State, The. 
999 |a MARS 
999 f f |s d659c261-4c9b-3e13-ba94-fe6df17d14f7  |i 4d0fd6a5-b87e-3ccc-b129-27c90e7cd8e5  |t 0 
952 f f |p ric  |a Texas A&M University  |b Rellis Campus  |c Joint Library Facility  |d Remote Storage  |t 0  |e JC121 O3  |h Library of Congress classification  |i unmediated -- volume  |k v.3  |m A14800656078 
998 f f |a JC121 O3  |s v.3  |t 0  |l Remote Storage